| 000 | 00913nam a2200265Ia 4500 | ||
|---|---|---|---|
| 003 | OSt | ||
| 005 | 20220918171348.0 | ||
| 006 | a|||||r|||| 00| 0 | ||
| 007 | ta | ||
| 008 | 220917b |||||||| |||| 00| 0 eng d | ||
| 020 |
_a9781538107478 (pbk) _cUKP 24.95 |
||
| 024 | _a348,192 | ||
| 037 |
_b13733, 15/01/2019, Elite Publishers Distributors _cTextual |
||
| 040 |
_aARTS _cARTS _beng |
||
| 041 |
_2eng _aeng |
||
| 082 | _aV41:19, Q9 | ||
| 100 |
_aSutter Robert G. Au. _936079 |
||
| 245 | 0 |
_aForeign relations of the PRC _b legacies and constraints of China's international politics since 1949 |
|
| 250 | _a2nd | ||
| 260 |
_aLanham _bRowman and Littlefield USA _c2019 |
||
| 300 |
_aix,374p. _ccm. |
||
| 650 |
_aCHINA - FOREIGN RELATIONS; HISTORY _936080 |
||
| 942 |
_hV41:19, Q9 _cTEXL _2CC |
||
| 999 |
_c139208 _d139208 |
||